| 000 | 01262cam a2200241 4500 | ||
|---|---|---|---|
| 001 | ABS66147 | ||
| 008 | 021118n2002 000 0 eng u | ||
| 035 | _a(Sirsi) u120491 | ||
| 100 | _aTurner, T. | ||
| 245 | _aRunning water | ||
| 260 | _c2002 | ||
| 490 |
_aLandscape Design _v(315) November 2002, 20-23(4) |
||
| 520 | _aExplains the role of the landscape architect in preventing flooding. Argues that while there is a limit to the amount that can be done with major flooding, they can influence the frequency and severity of the more minor events which occur more frequently and affect greater numbers of people. Main areas for controlling floods are to change runoff at source, to increase the absorption capacity of soils, and also with river restoration techniques. Concludes that careful landscape design can alleviate flooding. A mis-use of the land surface with urbanisation and the unwise location of properties is often behind many types of flooding. | ||
| 590 | _aABS | ||
| 650 | _aFLOODING | ||
| 650 | _aLANDSCAPE ARCHITECTURE | ||
| 650 | _aLAND COVER | ||
| 650 | _aURBANISATION | ||
| 650 | _aRIVER RESTORATION | ||
| 690 | _aENVIRONMENTAL AND LAND CONSULTANCY-ENVIRONMENTAL MANAGEMENT | ||
| 700 | _aPenning-Rowsell, E. | ||
| 942 | _n0 | ||
| 999 |
_c71578 _d71578 |
||